[Event "HUN-chT2 Szechenyi 1516"]
[Site "Hungary"]
[Date "2015.11.29"]
[Round "5.10"]
[White "Tigyi, Fanni"]
[Black "Szittar, Antal"]
[Result "0-1"]
[WhiteElo "1711"]
[BlackElo "1879"]
[PlyCount "98"]
[EventDate "2015.09.13"]
[EventType "team-tourn"]
[EventRounds "11"]
[EventCountry "HUN"]
[SourceTitle "CBM 170 Extra"]
[Source "ChessBase"]
[SourceDate "2016.02.25"]
[SourceVersion "1"]
[SourceVersionDate "2016.02.25"]
[SourceQuality "1"]
[WhiteTeam "Ezust Huszar"]
[BlackTeam "Keszthely Spartacus"]
[WhiteTeamCountry "HUN"]
[BlackTeamCountry "HUN"]

1. e4 e6 2. d4 d5 3. exd5 exd5 4. Bd3 Nf6 5. Bf4 Bd6 6. Bxd6 Qxd6 7. c3 0-0 8. Ne2 Bg4 9. 0-0 Nbd7 10. f3 Bh5 11. Ng3 Bg6 12. Nf5 Qb6 13. Ne7+ Kh8 14. Nxg6+ fxg6 15. Qb3 Qe6 16. Qd1 Rae8 17. Bb5 c6 18. Ba4 Qe3+ 19. Kh1 Rf7 20. Na3 Rfe7 21. Nc2 Qf4 22. Re1 Rxe1+ 23. Nxe1 Ng4 24. g3 Nf2+ 25. Kg2 Nxd1 26. gxf4 Nxb2 27. Bb3 Re2+ 28. Kg1 Kg8 29. Ng2 Nb6 30. Rb1 N6c4 31. Bxc4 dxc4 32. Kf1 Rd2 33. Re1 Rd1 34. Ne3 Rxe1+ 35. Kxe1 Kf7 36. Kd2 b5 37. f5 gxf5 38. Nxf5 g6 39. Nd6+ Ke6 40. Ne4 h6 41. Nc5+ Kf5 42. Ke2 g5 43. h3 Na4 44. Nxa4 bxa4 45. Ke3 h5 46. Ke2 Kf4 47. Kf2 h4 48. a3 a6 49. Kf1 Kxf3 0-1

[Event "HUN-chT2 Szechenyi 1415"]
[Site "Hungary"]
[Date "2015.03.22"]
[Round "10.9"]
[White "Horvath, Soma"]
[Black "Tigyi, Fanni"]
[Result "1/2-1/2"]
[WhiteElo "1485"]
[BlackElo "1728"]
[PlyCount "55"]
[EventDate "2014.09.07"]
[EventType "team-tourn"]
[EventRounds "11"]
[EventCountry "HUN"]
[SourceTitle "EXT 2016"]
[Source "ChessBase"]
[SourceDate "2015.10.08"]
[SourceVersion "1"]
[SourceVersionDate "2015.10.08"]
[SourceQuality "1"]
[WhiteTeam "Arboretum"]
[BlackTeam "Veszprem"]
[WhiteTeamCountry "HUN"]
[BlackTeamCountry "HUN"]

1. e4 e6 2. d4 d5 3. exd5 exd5 4. Nf3 Bg4 5. Bd3 Bd6 6. 0-0 Ne7 7. Re1 h6 8. Nbd2 Nd7 9. c3 Nf6 10. Nf1 c6 11. Ne3 Qd7 12. Nxg4 Nxg4 13. h3 Nf6 14. Ne5 Qc7 15. Bf4 Nd7 16. Nxd7 Bxf4 17. Ne5 Bxe5 18. dxe5 0-0 19. Kh1 Rae8 20. Qd2 c5 21. f4 Nc6 22. Bb5 a6 23. Bxc6 Qxc6 24. Rad1 Rd8 25. Qf2 Rfe8 26. Rd2 Rd7 27. Red1 Red8 28. Kg1 1/2-1/2

[Event "HUN-chT2 Szechenyi 1314"]
[Site "Hungary"]
[Date "2014.03.23"]
[Round "9.7"]
[White "Tigyi, Fanni"]
[Black "Domotor, Jozsef"]
[Result "0-1"]
[WhiteElo "1737"]
[BlackElo "1991"]
[PlyCount "86"]
[EventDate "2013.09.08"]
[EventType "team-tourn"]
[EventRounds "11"]
[EventCountry "HUN"]
[SourceTitle "EXT 2016"]
[Source "ChessBase"]
[SourceDate "2015.10.08"]
[SourceVersion "1"]
[SourceVersionDate "2015.10.08"]
[SourceQuality "1"]
[WhiteTeam "Veszprem"]
[BlackTeam "Zala Volan"]
[WhiteTeamCountry "HUN"]
[BlackTeamCountry "HUN"]

1. e4 c5 2. f4 Nc6 3. Nc3 g6 4. Nf3 Bg7 5. Bb5 d6 6. 0-0 Bd7 7. d3 e6 8. Be3 Nd4 9. Bxd7+ Qxd7 10. Qd2 Ne7 11. Qf2 Nec6 12. Kh1 b5 13. a3 a5 14. Nd1 Nxf3 15. Qxf3 Nd4 16. Bxd4 cxd4 17. Nf2 Rc8 18. Qe2 0-0 19. Ng4 f5 20. Nf2 Rc7 21. Rac1 Rfc8 22. Qd2 a4 23. Nh3 Bh6 24. Qf2 e5 25. Qh4 Kg7 26. Rf2 fxe4 27. dxe4 Rf8 28. Rcf1 Qe7 29. Qxe7+ Rxe7 30. f5 gxf5 31. Rxf5 Rxf5 32. Rxf5 Rf7 33. Rxf7+ Kxf7 34. Nf2 Ke6 35. g3 d5 36. exd5+ Kxd5 37. Kg2 e4 38. Kf1 Bc1 39. Nd1 Kc4 40. Ke1 d3 41. cxd3+ exd3 42. h4 Kb3 43. Nc3 Kc2 0-1

[Event "HUN-chT2 Szechenyi 1213"]
[Site "Hungary"]
[Date "2013.04.21"]
[Round "11.10"]
[White "Tigyi, Fanni"]
[Black "Arvai, Eszter"]
[Result "1/2-1/2"]
[WhiteElo "1739"]
[BlackElo "1820"]
[PlyCount "44"]
[EventDate "2012.09.16"]
[EventType "team-tourn"]
[EventRounds "11"]
[EventCountry "HUN"]
[SourceTitle "EXT 2014"]
[Source "ChessBase"]
[SourceDate "2013.11.20"]
[SourceVersion "1"]
[SourceVersionDate "2013.11.20"]
[SourceQuality "1"]
[WhiteTeam "Veszprem"]
[BlackTeam "Tapolca"]
[WhiteTeamCountry "HUN"]
[BlackTeamCountry "HUN"]

1. e4 c5 2. f4 d5 3. exd5 Qxd5 4. Nc3 Qd8 5. g3 Nf6 6. Bg2 Nc6 7. Nf3 Bg4 8. 0-0 Qd7 9. Qe1 Bh3 10. d3 Bxg2 11. Kxg2 h5 12. Ne4 b6 13. b3 Nd5 14. Bb2 e6 15. a3 Be7 16. c4 Nf6 17. Rd1 Nd4 18. Nxd4 cxd4 19. Nxf6+ Bxf6 20. Qe4 Rc8 21. b4 0-0 22. Rd2 Rc7 1/2-1/2

[Event "HUN-chT U18"]
[Site "Miskolc"]
[Date "2011.11.04"]
[Round "4.4"]
[White "Tigyi, Fanni"]
[Black "Pusztai, Zsombor"]
[Result "1-0"]
[WhiteElo "1665"]
[BlackElo "1479"]
[PlyCount "87"]
[EventDate "2011.11.02"]
[EventType "team-swiss"]
[EventRounds "8"]
[EventCountry "HUN"]
[SourceTitle "EXT 2012"]
[Source "ChessBase"]
[SourceDate "2011.11.24"]
[SourceVersion "1"]
[SourceVersionDate "2011.11.24"]
[SourceQuality "1"]
[WhiteTeam "Veszprem"]
[BlackTeam "Miskolc II"]
[WhiteTeamCountry "HUN"]
[BlackTeamCountry "HUN"]

1. e4 c5 2. f4 d6 3. Nf3 Nf6 4. Nc3 e6 5. g3 Nc6 6. Bg2 a6 7. 0-0 Be7 8. d3 b5 9. Qe1 Bb7 10. h3 0-0 11. Qf2 Nb4 12. a3 Nc6 13. Be3 Qc7 14. g4 Nd7 15. Ne2 e5 16. f5 Nd4 17. Rac1 Qd8 18. Nexd4 exd4 19. Bf4 Qb6 20. g5 f6 21. Qh4 fxg5 22. Bxg5 Bxg5 23. Nxg5 Nf6 24. Rf3 Bc8 25. Rg3 Ra7 26. Rf1 Qd8 27. Kh1 Qe8 28. Rg1 Kh8 29. Bf3 h6 30. Be2 Bxf5 31. exf5 Qxe2 32. Ne6 Rff7 33. Nxg7 Rxg7 34. Qxf6 Qe5 35. Qxh6+ Kg8 36. Rxg7+ Rxg7 37. Rxg7+ Qxg7 38. Qxd6 c4 39. Qxa6 Qe5 40. Qe6+ Qxe6 41. fxe6 Kf8 42. Kg2 Ke7 43. Kf3 Kxe6 44. Ke4 1-0

[Event "HUN-chT U18"]
[Site "Miskolc"]
[Date "2010.11.03"]
[Round "3.14"]
[White "Somogyi, Theodora"]
[Black "Tigyi, Fanni"]
[Result "0-1"]
[WhiteElo "1264"]
[BlackElo "1671"]
[PlyCount "42"]
[EventDate "2010.11.02"]
[EventType "team-swiss"]
[EventRounds "8"]
[EventCountry "HUN"]
[SourceTitle "EXT 2016"]
[Source "ChessBase"]
[SourceDate "2015.10.08"]
[SourceVersion "1"]
[SourceVersionDate "2015.10.08"]
[SourceQuality "1"]

1. e4 e6 2. d4 d5 3. e5 c5 4. c3 Nc6 5. Nf3 Qb6 6. Ng5 cxd4 7. Qf3 Nxe5 8. Qf4 f6 9. Nh3 Bd6 10. cxd4 Nd3+ 11. Bxd3 Bxf4 12. Bxf4 Qxb2 13. 0-0 Qxa1 14. Be3 Ne7 15. Na3 Qc3 16. Nf4 Qxa3 17. Bc1 Qc3 18. Be3 e5 19. Rc1 Qa3 20. h3 exf4 21. Bxf4 Qxd3 0-1

[Event "HUN-ch U14 Girls"]
[Site "Budapest"]
[Date "2010.07.02"]
[Round "7"]
[White "Gombos, Bettina"]
[Black "Tigyi, Fanni"]
[Result "1/2-1/2"]
[WhiteElo "1866"]
[BlackElo "1599"]
[PlyCount "44"]
[EventDate "2010.06.26"]
[EventType "swiss"]
[EventRounds "9"]
[EventCountry "HUN"]
[SourceTitle "EXT 2025"]
[Source "ChessBase"]
[SourceDate "2024.10.14"]
[SourceVersion "1"]
[SourceVersionDate "2024.10.14"]
[SourceQuality "1"]

1. e4 e6 2. d4 d5 3. Nd2 Nf6 4. e5 Nfd7 5. Bd3 c5 6. c3 Nc6 7. Ne2 cxd4 8. cxd4 f6 9. Nf4 Qe7 10. Qh5+ Kd8 11. Nf3 fxe5 12. dxe5 Nc5 13. Bb1 Bd7 14. Nxd5 Qe8 15. Qxe8+ Bxe8 16. Nf4 Bd7 17. Ng5 Nxe5 18. Be3 h6 19. Bxc5 hxg5 20. Bxf8 Rxf8 21. Ne2 Ng4 22. 0-0 Bb5 1/2-1/2

[Event "HUN-ch U14 Girls"]
[Site "Budapest"]
[Date "2010.06.26"]
[Round "1"]
[White "Horvath, Ilona Klara"]
[Black "Tigyi, Fanni"]
[Result "1-0"]
[WhiteElo "1826"]
[BlackElo "1599"]
[PlyCount "119"]
[EventDate "2010.06.26"]
[EventType "swiss"]
[EventRounds "9"]
[EventCountry "HUN"]
[SourceTitle "EXT 2025"]
[Source "ChessBase"]
[SourceDate "2024.10.14"]
[SourceVersion "1"]
[SourceVersionDate "2024.10.14"]
[SourceQuality "1"]

1. e4 e6 2. f4 d5 3. e5 c5 4. Nf3 Nc6 5. c3 f6 6. Be2 fxe5 7. fxe5 Nge7 8. 0-0 g6 9. d4 cxd4 10. cxd4 Qb6 11. Nc3 Nf5 12. Kh1 a6 13. g4 Ng7 14. Bh6 Qxb2 15. Na4 Qa3 16. Nb6 Rb8 17. Ng5 Qb4 18. Nxc8 Rxc8 19. Bxg7 Bxg7 20. Nxe6 Qe7 21. Nxg7+ Qxg7 22. Rc1 Qd7 23. Bf3 0-0 24. Qb3 Ne7 25. Rxc8 Rxc8 26. Re1 Rc4 27. Qb6 Rc6 28. e6 Qc8 29. Qa5 Rxe6 30. Bxd5 Nxd5 31. Qxd5 Kf7 32. Rxe6 Qxe6 33. Qxb7+ Kg8 34. Qb3 Kf7 35. Kg2 Ke7 36. Qxe6+ Kxe6 37. Kf3 Kd5 38. Ke3 h6 39. Kd3 a5 40. a4 h5 41. gxh5 gxh5 42. h4 Kd6 43. Kc4 Kc6 44. d5+ Kd6 45. Kd4 Kd7 46. Ke5 Ke7 47. d6+ Kd7 48. Kd5 Kd8 49. Ke6 Ke8 50. d7+ Kd8 51. Kf6 Kxd7 52. Kg6 Ke6 53. Kxh5 Kf5 54. Kh6 Kf6 55. Kh7 Kf7 56. h5 Kf8 57. Kg6 Kg8 58. Kf5 Kh7 59. Ke5 Kh6 60. Kd5 1-0

[Event "Devecser Esterhazy Memorial op"]
[Site "Devecser"]
[Date "2009.07.05"]
[Round "7"]
[White "Tigyi, Fanni"]
[Black "Ruszin, Anna"]
[Result "0-1"]
[WhiteElo "1558"]
[BlackElo "2075"]
[PlyCount "64"]
[EventDate "2009.07.02"]
[EventType "swiss"]
[EventRounds "7"]
[EventCountry "HUN"]
[SourceTitle "EXT 2011"]
[Source "ChessBase"]
[SourceDate "2010.11.26"]
[SourceVersion "1"]
[SourceVersionDate "2010.11.26"]
[SourceQuality "1"]

1. e4 c5 2. c4 Nc6 3. Nc3 g6 4. d3 Bg7 5. Be3 d6 6. Be2 Nf6 7. Qd2 0-0 8. Bh6 a6 9. h4 Qa5 10. h5 Nd4 11. Bxg7 Kxg7 12. hxg6 fxg6 13. Qh6+ Kf7 14. f4 Nc2+ 15. Kd1 Nxa1 16. e5 Ke8 17. exf6 Rxf6 18. Qxh7 Be6 19. Nf3 Kd7 20. Ng5 Rff8 21. Re1 Qb6 22. Nxe6 Rh8 23. Qxg6 Qxb2 24. d4 Qxc3 25. Bg4 Kc6 26. Bf3+ Kb6 27. Qb1+ Ka5 28. dxc5 Qxe1+ 29. Kxe1 Rh1+ 30. Kf2 Rxb1 31. c6 bxc6 32. Bxc6 Rc8 0-1

[Event "Devecser Esterhazy Memorial op"]
[Site "Devecser"]
[Date "2009.07.03"]
[Round "3"]
[White "Tigyi, Fanni"]
[Black "Simon, Istvan"]
[Result "1-0"]
[WhiteElo "1558"]
[BlackElo "1841"]
[PlyCount "113"]
[EventDate "2009.07.02"]
[EventType "swiss"]
[EventRounds "7"]
[EventCountry "HUN"]
[SourceTitle "EXT 2011"]
[Source "ChessBase"]
[SourceDate "2010.11.26"]
[SourceVersion "1"]
[SourceVersionDate "2010.11.26"]
[SourceQuality "1"]

1. e4 e6 2. d4 d5 3. exd5 exd5 4. Be3 Nf6 5. Nf3 Be7 6. h3 0-0 7. Bd3 c6 8. Nc3 Nbd7 9. Qd2 c5 10. 0-0 c4 11. Be2 a6 12. Rfe1 b5 13. a3 b4 14. axb4 Bxb4 15. Bg5 Ne4 16. Bxd8 Nxd2 17. Nxd2 Rxd8 18. Bf3 Nb6 19. Re5 Be6 20. Rd1 a5 21. Nb5 Bd6 22. Nxd6 Rxd6 23. c3 a4 24. Rde1 Ra5 25. Bg4 Nd7 26. Nxc4 Nxe5 27. Nxd6 Nxg4 28. hxg4 h6 29. Nf5 Kh7 30. Ra1 g6 31. Ne3 Rb5 32. Rxa4 Rxb2 33. Ra5 Rb3 34. Rc5 Kg7 35. Kf1 g5 36. Ke2 Rb2+ 37. Kf3 Rb3 38. Kg3 Kf6 39. f3 Kg6 40. Kf2 Rb2+ 41. Ke1 Kf6 42. Nxd5+ Kg7 43. Ne3 Rb1+ 44. Kf2 Rb2+ 45. Kg3 Re2 46. Nf5+ Kg6 47. Rc6 Kh7 48. Rc7 Rc2 49. Nd6 Kg6 50. c4 Kf6 51. d5 Bxd5 52. cxd5 Rxc7 53. Ne8+ Ke5 54. Nxc7 Kd6 55. Ne8+ Kxd5 56. Nf6+ Ke6 57. Ng8 1-0

[Event "Veszprem Hemo op"]
[Site "Veszprem"]
[Date "2008.08.18"]
[Round "4"]
[White "Domonkos, Daniel"]
[Black "Tigyi, Fanni"]
[Result "1-0"]
[WhiteElo "2047"]
[BlackElo "1501"]
[PlyCount "95"]
[EventDate "2008.08.16"]
[EventType "swiss"]
[EventRounds "7"]
[EventCountry "HUN"]
[SourceTitle "EXT 2011"]
[Source "ChessBase"]
[SourceDate "2010.11.26"]
[SourceVersion "1"]
[SourceVersionDate "2010.11.26"]
[SourceQuality "1"]

1. d4 d5 2. c4 e6 3. Nf3 Nf6 4. Nc3 Be7 5. Bg5 0-0 6. e3 c6 7. Bd3 dxc4 8. Bxc4 Nd5 9. Bxe7 Qxe7 10. 0-0 Nd7 11. a3 N7f6 12. Re1 Nxc3 13. bxc3 Nd5 14. Qc2 h6 15. e4 Nf6 16. Ne5 Nd7 17. Nxd7 Bxd7 18. e5 f6 19. Qb3 b5 20. Bd3 fxe5 21. Rxe5 Rf6 22. Rae1 Qd6 23. Bb1 Raf8 24. f3 a5 25. h4 Re8 26. h5 Rc8 27. Qc2 Rf5 28. g4 Rf7 29. Qh7+ Kf8 30. Kg2 b4 31. axb4 axb4 32. cxb4 Qxd4 33. Bg6 Rf4 34. Kg3 Ke7 35. Qxg7+ Kd6 36. Qxh6 Rf6 37. Qc1 Qxb4 38. Rd1+ Kc7 39. Re4 Qb3 40. Rf4 Rcf8 41. Rd3 Qb8 42. Rxf6 Rxf6 43. Qa3 e5 44. Qe7 e4 45. Qe5+ Kc8 46. Qxb8+ Kxb8 47. Rxd7 exf3 48. Rf7 1-0